01257nam a22001937a 4500003001000000005001700010008004100027020001800068040001400086100001900100245005800119250003000177260003700207300001200244500007800256520070900334650000901043654001101052IT-MiCISF20250929122354.0250929b |||||||| |||| 00| 0 eng d a9788807910883 cIT-MiCISF aPellai Alberto aCose che ai maschi nessuno dice.bBaciare, fare, dire aNuova edizione aggiornata aMilano, bUP Feltrinelli, c2024 app. 158 auomo, identità-maschile, infanzia, adolescenza, educazione, nuovi-media aIl cromosoma Y impone regole precise alle quali si deve obbedire. Ma perché agli uomini non è permesso piangere, anche quando sono sopraffatti dal dolore? Perché non possono mostrarsi sensibili ed emotivi? Perché ai ragazzi viene insegnato che non devono chiedere aiuto? In un dialogo appassionato, Alberto Pellai parla agli adolescenti dei temi a loro più vicini come l’amicizia, il sesso, i videogiochi, i social e le dipendenze, e propone un nuovo pensiero “declinato al maschile” ma lontano dagli stereotipi che impongono ai giovani maschi di conquistare la propria identità di genere ispirandosi al mito dell’uomo che non deve chiedere mai né far trapelare le proprie emozioni. aUomo asaggio